LIBRARY & INFORMATION CENTRE, KCAET, TAVANUR

ONLINE PUBLIC ACCESS CATALOGUE (OPAC)

Plays / (Record no. 11451)

MARC details
000 -LEADER
fixed length control field 00333cam a2200145ua 4500
041 ## - LANGUAGE CODE
Language code of text/sound track or separate title eng
082 ## - DEWEY DECIMAL CLASSIFICATION NUMBER
Classification number 822
Item number VAL/PL
100 ## - MAIN ENTRY--AUTHOR NAME
Personal name Valery, Paul .
245 ## - TITLE STATEMENT
Title Plays /
260 ## - PUBLICATION, DISTRIBUTION, ETC. (IMPRINT)
Place of publication Lo :
Name of publisher Routledge &Kegan Paul ,
Year of publication 1958.
300 ## - PHYSICAL DESCRIPTION
Number of Pages 376 ; .
942 ## - ADDED ENTRY ELEMENTS (KOHA)
Koha item type Books
Holdings
Withdrawn status Lost status Damaged status Home library Current library Date acquired Cost, normal purchase price Full call number Accession Number Koha item type Public note
Withdrawn     KAUAET Malayalam University 07/04/2012 30.00 822 6804 Books Transferred to Malayalam University
free website counter